De esto y de aquello

Guardat en:
Dades bibliogràfiques
Autor principal: Unamuno, Miguel de (Autor)
Format: Llibre
Idioma:espanyol
Publicat: Buenos Aires Sudamericana 1950
Matèries:
Etiquetes: Afegir etiqueta
Sense etiquetes, Sigues el primer a etiquetar aquest registre!

MARC

LEADER 00000nam a2200000 a 4500
001 UCY8289
003 CL-VaPUC
008 950703e19500000AG |||||||||||||||||spa|d
082 0 4 |a 864  |b UNA  |2 21 
100 0 |a Unamuno, Miguel de  |e author  |9 312478 
245 1 0 |a De esto y de aquello 
300 |a v 
942 |c BK 
945 |d 19950703 00:00:00  |a rbrito 
260 |a Buenos Aires  |b Sudamericana  |c 1950 
650 0 |a Ensayos españoles  |9 313128 
650 0 |a Literatura española  |9 306261 
583 |a last modification  |c 19950703 00:00:00  |k Rodrigo Vera 
999 |c 235560  |d 235558 
952 |0 0  |1 0  |4 0  |6 864_000000000000000_UNA_1950  |7 0  |8 A  |9 243068  |a BIBEDU  |b BIBEDU  |d 2019-11-18  |h v.1  |i 3096823  |o 864 UNA 1950  |p 3096823  |r 2019-11-18  |w 2019-11-18  |y BK  |k LIT 
952 |0 0  |1 0  |4 0  |6 864_000000000000000_UNA_1950  |7 0  |8 A  |9 243069  |a BIBEDU  |b BIBEDU  |d 2019-11-18  |h v.2  |i 3096815  |o 864 UNA 1950  |p 3096815  |r 2019-11-18  |w 2019-11-18  |y BK  |k LIT 
952 |0 0  |1 0  |4 0  |6 864_000000000000000_UNA_1950  |7 0  |8 A  |9 243070  |a BIBEDU  |b BIBEDU  |d 2019-11-18  |h v.3  |i 3106063  |o 864 UNA 1950  |p 3106063  |r 2019-11-18  |w 2019-11-18  |y BK  |k LIT 
952 |0 0  |1 0  |4 0  |6 864_000000000000000_UNA_1950  |7 0  |8 A  |9 243071  |a BIBEDU  |b BIBEDU  |d 2019-11-18  |h v.4  |i 3106071  |o 864 UNA 1950  |p 3106071  |r 2019-11-18  |w 2019-11-18  |y BK  |k LIT 
952 |0 0  |1 0  |4 0  |6 864_000000000000000_UNA_1950  |7 0  |8 A  |9 243072  |a BIBEDU  |b BIBEDU  |d 2019-11-18  |h v.1  |i 3269876  |o 864 UNA 1950  |p 3269876  |r 2019-11-18  |w 2019-11-18  |y BK  |k LIT 
952 |0 0  |1 0  |4 0  |6 864_000000000000000_UNA_1950  |7 0  |8 A  |9 243073  |a BIBEDU  |b BIBEDU  |d 2019-11-18  |h v.2  |i 3270505  |o 864 UNA 1950  |p 3270505  |r 2019-11-18  |w 2019-11-18  |y BK  |k LIT 
952 |0 0  |1 0  |4 0  |6 864_000000000000000_UNA_1950  |7 0  |8 A  |9 243074  |a BIBEDU  |b BIBEDU  |d 2019-11-18  |h v.3  |i 3270513  |o 864 UNA 1950  |p 3270513  |r 2019-11-18  |w 2019-11-18  |y BK  |k LIT 
952 |0 0  |1 0  |4 0  |6 864_000000000000000_UNA_1950  |7 0  |8 A  |9 243075  |a BIBEDU  |b BIBEDU  |d 2019-11-18  |h v.4  |i 3269884  |o 864 UNA 1950  |p 3269884  |r 2019-11-18  |w 2019-11-18  |y BK  |k LIT